000 00983nam a22002897a 4500
001 000468
003 DO-SdBNP
005 20171108133354.0
007 000468
008 160905b 2007 sp ||||| |||| 00| 0 spa d
020 _a9788430606429
040 _aBPMSU
_bspa
_cBPMSU
082 4 _a190
_bC576e
100 1 _aCioran, E. M.,
_d1911-1995.
240 1 0 _aExercices négatifs
_lEspañol
245 1 0 _aEjercicios negativos :
_bmarginalia al breviario de podredumbre /
_cE. M. Cioran ; edición posfacio y notas de Ingrid Astier ; traducción de Alicia Martorell.
260 _aMadrid :
_bTaurus,
_c2007.
300 _a231 p. ;
_c21 cm.
490 1 _aPensamiento
500 _aIncluye datos biográficos del autor en la solapa de la cubierta.
650 4 _aFILOSOFÍA
_xENSAYOS FRANCESES
830 0 _aPensamiento
910 _aValidado. Control de calidad MFF
942 _2ddc
_cBK
945 _aInventariado, 2017/MFF
956 _2LOPEREZ
_310
_620160905
_8BPMSU
_a00041
999 _c11305
_d11305